Base tècnica : (Record no. 137390)

MARC details
000 -CABECERA
campo de control de longitud fija 03935nam a2200469 i 4500
001 - NÚMERO DE CONTROL
campo de control 991061737507706706
003 - IDENTIFICADOR DEL NÚMERO DE CONTROL
campo de control ES-BaIT
005 - FECHA Y HORA DE LA ÚLTIMA TRANSACCIÓN
campo de control 20260423100407.0
008 - DATOS DE LONGITUD FIJA--INFORMACIÓN GENERAL
campo de control de longitud fija 260319e202510 spc|||| |||| 0|0 0 cat|
015 ## - NÚMERO DE BIBLIOGRAFÍA NACIONAL
Número de bibliografía nacional LL2026
Fuente bnc
017 ## - NÚMERO DE COPYRIGHT O DE DEPÓSITO LEGAL
Número de copyright o de depósito legal DL B 20332-2025
Agencia que asigna Biblioteca de Catalunya
020 ## - NÚMERO INTERNACIONAL ESTÁNDAR DEL LIBRO
Número Internacional Estándar del Libro 9788412966176
040 ## - FUENTE DE LA CATALOGACIÓN
Centro catalogador/agencia de origen ES-BaBC
Lengua de catalogación cat
Normas de descripción rda
Centro/agencia transcriptor ES-BaBC
080 ## - NÚMERO DE LA CLASIFICACIÓN DECIMAL UNIVERSAL
Número de la Clasificación Decimal Universal 791/793:37.02
Identificador de la edición 2004
080 ## - NÚMERO DE LA CLASIFICACIÓN DECIMAL UNIVERSAL
Número de la Clasificación Decimal Universal 372.36
Identificador de la edición 2004
080 ## - NÚMERO DE LA CLASIFICACIÓN DECIMAL UNIVERSAL
Número de la Clasificación Decimal Universal 159.925
Identificador de la edición 2004
080 ## - NÚMERO DE LA CLASIFICACIÓN DECIMAL UNIVERSAL
Número de la Clasificación Decimal Universal 792.028.31
100 1# - ENTRADA PRINCIPAL--NOMBRE DE PERSONA
Nombre de persona Morin, Anne,
Fechas asociadas al nombre 1957-
Término indicativo de función/relación autor
9 (RLIN) 169284
245 10 - MENCIÓN DE TÍTULO
Título Base tècnica :
Resto del título mètode de consciència corporal per a artistes escènics /
Mención de responsabilidad, etc. Anne Morin ; il·lustracions: Noa Sauer
250 ## - MENCIÓN DE EDICIÓN
Mención de edición Primera edició
264 #1 - PRODUCCIÓN, PUBLICACIÓN, DISTRIBUCIÓN, FABRICACIÓN Y COPYRIGHT
Producción, publicación, distribución, fabricación y copyright El Masnou, Maresme, Barcelona :
Nombre del de productor, editor, distribuidor, fabricante Neret Edicions,
Fecha de producción, publicación, distribución, fabricación o copyright octubre 2025
300 ## - DESCRIPCIÓN FÍSICA
Extensión 131 pàgines :
Otras características físicas il·lustracions en color ;
Dimensiones 24 cm
336 ## - TIPO DE CONTENIDO
Término de tipo de contenido text
Código de tipo de contenido txt
Fuente rdacontent
337 ## - TIPO DE MEDIO
Nombre/término del tipo de medio sense mediació
Código del tipo de medio n
Fuente rdamedia
338 ## - TIPO DE SOPORTE
Nombre/término del tipo de soporte volum
Código del tipo de soporte nc
Fuente rdacarrier
490 1# - MENCIÓN DE SERIE
Mención de serie Art de fer ;
Designación de volumen o secuencia 9
500 ## - NOTA GENERAL
Nota general Inclou codis QR amb accés a contingut addicional
505 8# - NOTA DE CONTENIDO CON FORMATO
Nota de contenido con formato Conté: 1. Pròleg -- 2. Introducció -- 3. Contra la mala praxi, la precarietat i el pas del temps -- 4. Les imatges -- 5. Què cal saber -- 5.1. Connectar amb el cos per habitar el moviment -- 5.2. Fonaments per a la consciència corporal -- 5.3. Conceptes bàsics: el que sí i el que no -- 5.4. Limitar les repeticions, la millor elecció -- 5.5. A la recerca de sensacions -- 5.6. Nomenclatura bàsica -- 5.7. Els bàsics de l’anatomia -- 6. Les rutines -- 6.1. Preparació del cos -- 6.2. Peus i cames -- 6.3. Cames: fora d’eix -- 6.4. A terra I -- 6.5. A terra II: boca amunt i esquena a terra -- 6.6. A terra III: cames -- 6.7. Boca avall i retorn a la posició alçada -- 7. Viure el cos més enllà de l’entrenament -- 7.1. Pre i post: un protocol per a l’artista escènic -- 7.2. Situacions quotidianes -- 7.3. I ens fem grans… -- 8. I si finalment arriba la lesió? Com assumir-ho sense entrar en pànic -- 9. Abans i després: testimonis de persones que han experimentat el mètode
520 ## - SUMARIO, ETC.
Sumario, etc. "Base Tècnica és una proposta integral d’exercicis per a treballar el cos de manera conscient.A partir de la seva experiència com a ballarina i artista de circ, i veient que molts professionals de les arts escèniques es lesionen amb freqüència i en molts casos han d’abandonar les seves carreres professionals, Anne Morin ha desenvolupat un mètode per a un treball suau i progressiu que posa consciència a les possibilitats i els límits del cos en moviment, i que comparteix aquí de manera íntegra.Com destaca l’osteòpata i fisioterapeuta Juan Alain Olivier, es tracta d’un mètode amb «una base biomecànica sòlidament fonamentada en un cos coherent de coneixements […] L’Anne entén el moviment humà com el que realment és: una complexa interrelació de sumes i matisos, de gestos complementaris que junts generen l’harmonia del conjunt. Aquesta comprensió es tradueix en una execució natural, fluida, orgànica. Els moviments proposats semblen quasi innats, com si haguessin estat des de sempre esperant a ser descoberts.»El llibre s’acompanya de les il·lustracions de Noa Sauer i els vídeos de Susana García Dorta, que complementen el mètode i ajuden a implementar millor la proposta de l’autora. També volem mencionar la tasca d’acompanyament a l’elaboració del text d’Esther Morales Hernández." -- Contracoberta
650 #7 - PUNTO DE ACCESO ADICIONAL DE MATERIA--TÉRMINO DE MATERIA
Término de materia o nombre geográfico como elemento de entrada Educació psicomotriu
9 (RLIN) 56762
650 #0 - PUNTO DE ACCESO ADICIONAL DE MATERIA--TÉRMINO DE MATERIA
Término de materia o nombre geográfico como elemento de entrada Aprenentatge motor
Fuente del encabezamiento o término lemac
9 (RLIN) 101162
650 #7 - PUNTO DE ACCESO ADICIONAL DE MATERIA--TÉRMINO DE MATERIA
Término de materia o nombre geográfico como elemento de entrada Exercici terapèutic
9 (RLIN) 56866
650 #7 - PUNTO DE ACCESO ADICIONAL DE MATERIA--TÉRMINO DE MATERIA
Término de materia o nombre geográfico como elemento de entrada Expressió corporal
9 (RLIN) 56877
650 #0 - PUNTO DE ACCESO ADICIONAL DE MATERIA--TÉRMINO DE MATERIA
Término de materia o nombre geográfico como elemento de entrada Expressió corporal
Subdivisión general Tècniques
Fuente del encabezamiento o término lemac
9 (RLIN) 73832
650 #7 - PUNTO DE ACCESO ADICIONAL DE MATERIA--TÉRMINO DE MATERIA
Término de materia o nombre geográfico como elemento de entrada Estirament (Exercici)
9 (RLIN) 56840
650 #7 - PUNTO DE ACCESO ADICIONAL DE MATERIA--TÉRMINO DE MATERIA
Término de materia o nombre geográfico como elemento de entrada Ment i cos
9 (RLIN) 57264
700 1# - ENTRADA AGREGADA--NOMBRE PERSONAL
Nombre de persona Sauer, Noa
Término indicativo de función/relación il·lustrador
9 (RLIN) 169286
830 ## - PUNTO DE ACCESO ADICIONAL DE SERIE-TÍTULO UNIFORME
Título uniforme Art de fer
Designación de volumen o secuencia 9
9 (RLIN) 159979
908 ## - COLOCAR PARÁMETRO DE COMANDO (RLIN)
Colocar parámetro de comando BC
-- CDMAE
940 ## - EQUIVALENCIA O REFERENCIA-CRUZADA--TÍTULO UNIFORME [OBSOLETO] [solamente CAN/MARC]
Título uniforme <a href="BC">BC</a>
942 ## - ELEMENTOS DE ENTRADA AGREGADA (KOHA)
Fuente del sistema de clasificación o colocación Clasificación decimal universal
Tipo de ítem Koha Llibre
Holdings
Estado de retiro Estado de pérdida Fuente del sistema de clasificación o colocación Estado dañado No para préstamo Localización permanente Ubicación/localización actual Ubicación en estantería Fecha de adquisición Fuente de adquisición Total de préstamos Signatura topográfica completa Código de barras Fecha visto por última vez Precio válido a partir de Tipo de ítem Koha
    Clasificación decimal universal     Biblioteca Barcelona Biblioteca Barcelona BCN Lliure Accés 23/04/2026 Compra   792.028.31 MOR 1900090032 23/04/2026 23/04/2026 Llibre

Powered by Koha